[Event "Tatry op"]
[Site "Tatranske Zruby"]
[Date "2013.10.06"]
[Round "9"]
[White "Skapikova, Lubica"]
[Black "Minarcak, Pavol"]
[Result "1/2-1/2"]
[WhiteElo "1893"]
[BlackElo "1704"]
[PlyCount "56"]
[EventDate "2013.09.29"]
[EventType "swiss"]
[EventRounds "9"]
[EventCountry "SVK"]
[SourceTitle "EXT 2023"]
[Source "ChessBase"]
[SourceDate "2022.10.05"]
[SourceVersion "1"]
[SourceVersionDate "2022.10.05"]
[SourceQuality "1"]

1. e4 c5 2. Nf3 d6 3. d4 cxd4 4. Nxd4 Nf6 5. Nc3 a6 6. Be2 e6 7. 0-0 Be7 8. Be3 0-0 9. f4 Qc7 10. Qe1 Nc6 11. g4 Nxd4 12. Bxd4 e5 13. fxe5 dxe5 14. Qg3 Bc5 15. Bxc5 Qxc5+ 16. Kh1 Qd4 17. Rad1 Nxe4 18. Qg2 Nd2 19. Bd3 Nxf1 20. Bxh7+ Kxh7 21. Rxd4 exd4 22. Nd5 g6 23. Qxf1 Be6 24. Nf6+ Kg7 25. Qf4 Rfd8 26. Qe5 Kf8 27. Qc5+ Kg7 28. Qe5 Kf8 1/2-1/2

[Event "Tatry op"]
[Site "Tatranske Zruby"]
[Date "2013.09.29"]
[Round "1"]
[White "Kulhomerova, Maria"]
[Black "Minarcak, Pavol"]
[Result "1/2-1/2"]
[WhiteElo "1000"]
[BlackElo "1704"]
[PlyCount "94"]
[EventDate "2013.09.29"]
[EventType "swiss"]
[EventRounds "9"]
[EventCountry "SVK"]
[SourceTitle "EXT 2023"]
[Source "ChessBase"]
[SourceDate "2022.10.05"]
[SourceVersion "1"]
[SourceVersionDate "2022.10.05"]
[SourceQuality "1"]

1. e4 c5 2. Nf3 d6 3. d4 cxd4 4. Nxd4 Nf6 5. Nc3 a6 6. Bd3 e6 7. Bg5 Be7 8. Qe2 Qb6 9. Nb3 Nc6 10. 0-0-0 e5 11. Bxf6 gxf6 12. Nd5 Qd8 13. c4 Bd7 14. h3 0-0 15. g4 Kh8 16. h4 Rg8 17. f3 a5 18. Nd2 Nd4 19. Qh2 Rg7 20. h5 a4 21. a3 Rb8 22. Nc3 Qa5 23. h6 Rg6 24. Nb5 Bxb5 25. cxb5 Nxb5 26. Bxb5 Qxb5 27. Nb1 Qb3 28. Qc2 Qxf3 29. Nd2 Qxg4 30. Qxa4 Qc8+ 31. Kb1 b5 32. Qb3 Qe6 33. Qe3 Qd7 34. Nb3 Qb7 35. Na5 Qb6 36. Qd2 Rbg8 37. Nb3 Qc6 38. Rde1 Rg2 39. Re2 Rxe2 40. Qxe2 Qb6 41. Rf1 Rg1 42. Nd2 Rxf1+ 43. Qxf1 Qb7 44. Qf5 d5 45. Qg4 Bf8 46. Qf5 Bxh6 47. Qxf6+ Bg7 1/2-1/2

[Event "IBCA-ol blind 14th"]
[Site "Chennai"]
[Date "2012.08.16"]
[Round "6.4"]
[White "Minarcak, Pavol"]
[Black "Zaja, Stjepan1111"]
[Result "1/2-1/2"]
[WhiteElo "1717"]
[BlackElo "1795"]
[PlyCount "111"]
[EventDate "2012.08.10"]
[EventType "team-swiss"]
[EventRounds "9"]
[EventCountry "IND"]
[SourceTitle "CBM 149 Extra"]
[Source "ChessBase"]
[SourceDate "2012.08.24"]
[SourceVersion "1"]
[SourceVersionDate "2012.08.24"]
[SourceQuality "1"]
[WhiteTeam "Slovakia"]
[BlackTeam "Croatia"]
[WhiteTeamCountry "SVK"]
[BlackTeamCountry "CRO"]

1. e4 c5 2. Nf3 Nc6 3. d4 cxd4 4. Nxd4 Nf6 5. Nc3 d6 6. Be2 e6 7. Be3 Be7 8. 0-0 0-0 9. Qd2 a6 10. Rad1 Bd7 11. f4 Nxd4 12. Qxd4 Bc6 13. a4 Qc7 14. b4 Rac8 15. b5 axb5 16. axb5 Bd7 17. Rd3 e5 18. Qb4 b6 19. fxe5 dxe5 20. Qxe7 Rfe8 21. Qb4 Be6 22. Rfd1 Bc4 23. R3d2 Bxe2 24. Nxe2 Ng4 25. Bf2 Nxf2 26. Kxf2 Rcd8 27. Rxd8 Rxd8 28. Rxd8+ Qxd8 29. Qc4 Qe8 30. Qc6 Qd8 31. Qd5 Qf6+ 32. Kg1 g6 33. Qc6 Qd8 34. Qc4 Qh4 35. Ng3 Qf4 36. Qd3 h5 37. Ne2 Qh4 38. g3 Qe7 39. Nc3 h4 40. Nd5 Qc5+ 41. Kg2 hxg3 42. hxg3 Kg7 43. g4 Qc8 44. Kg3 Qc5 45. Qf1 Kf8 46. Qh1 Qa3+ 47. Kf2 Qc5+ 48. Ne3 Kg8 49. Qd1 Qa3 50. Qd8+ Kg7 51. Qxb6 Qc3 52. Qf6+ Kg8 53. Qd8+ Kg7 54. Qf6+ Kg8 55. Qd8+ Kg7 56. Qf6+ 1/2-1/2